[Event "2024 British Rapidplay Championship"]
[Site "Holiday Inn Peterborough - West"]
[Date "2024.03.02"]
[Round "1.75"]
[White "Green, Michael"]
[Black "Patel, Diah"]
[Result "1-0"]
[WhiteFideId "437514"]
[BlackFideId "496677"]
[WhiteElo "1894"]
[BlackElo "1545"]
[EventDate "2024.03.02"]

1. Nf3 Nc6 2. d4 d5 3. c3 Nf6 4. Bf4 g6 5. h3 Bg7 6. e3 O-O 7. Be2 Bf5 8. O-O h6
9. Bh2 e6 10. Nbd2 g5 11. Re1 Qe7 12. a4 a5 13. Nb1 Nd7 14. Bxc7 e5 15. dxe5 Ndxe5
16. Bb6 Nxf3+ 17. Bxf3 Be4 18. Na3 Ra6 19. Bd4 Bxf3 20. Qxf3 Nxd4 21. exd4 Qd7 22.
Nb5 Rf6 23. Qe2 b6 24. Qg4 Qc6 25. Qd1 Rf5 26. Qb3 Qf6 27. Re2 Rf4 28. Qxd5 g4 29.
Qd6 Qg5 30. h4 Qf5 31. g3 Rf3 32. Rf1 Qd3 33. Qe7 Bf6 34. Qe4 Qc4 35. Qxg4+ Bg7 36.
Qxf3 Qxa4 37. Nd6 Qd7 38. Nf5 f6 39. Qg4 Rf7 40. Qg6 Kh8 41. Nxg7 Rxg7 42. Re8+ Rg8
43. Rxg8# 1-0

[Event "2024 British Rapidplay Championship"]
[Site "Holiday Inn Peterborough - West"]
[Date "2024.03.02"]
[Round "1.76"]
[White "Dupuis, Daniel"]
[Black "Dicen, Elis Denele"]
[Result "0-1"]
[WhiteFideId "343410529"]
[BlackFideId "462560"]
[WhiteElo "1542"]
[BlackElo "1892"]
[EventDate "2024.03.02"]

1. e4 c5 2. Nf3 d6 3. d4 cxd4 4. Nxd4 Nf6 5. Nc3 a6 6. Be3 e5 7. Nf3 Be7 8. Bc4 O-O
9. O-O Qc7 10. Bd5 Nbd7 11. Qd2 Nb6 12. Bxb6 Qxb6 13. Rab1 Bg4 14. Qe2 Rac8 15. h3
Bh5 16. Rfd1 Qc7 17. g4 Bg6 18. Nh4 b5 19. Nxg6 hxg6 20. a3 Rb8 21. Kh1 Nd7 22. Na2
a5 23. c3 g5 24. f3 g6 25. Rbc1 Kg7 26. c4 b4 27. axb4 axb4 28. Rb1 Rh8 29. Kg2 Nc5
30. Nc1 Rh7 31. Nd3 Nb3 32. Rh1 Nd4 33. Qd2 Bf6 34. b3 Qb6 35. Qd1 Rhh8 36. Qd2 Qc7
37. Rhc1 Qa5 38. c5 dxc5 39. Rxc5 Qb6 40. Rbc1 Rhf8 41. Qd1 Qd6 42. R5c4 Rb6 43.
Ra1 Qe7 44. Ra4 Rfb8 45. Qe1 Nxb3 46. Rcxb4 Rxb4 47. Rxb4 Rxb4 48. Nxb4 Nd4 49. Nd3
Qa3 50. Qd2 Qa7 51. Kf1 Nxf3 52. Qf2 Qa1+ 53. Kg2 Nh4+ 54. Kg3 Qc3 55. Qe2 Qd4 56.
Nf2 Be7 57. Kh2 Bc5 58. Kg1 Qc3 59. Kf1 Nf3 60. Kg2 Ne1+ 61. Kf1 Nc2 62. Kg2 Nd4
63. Qd3 Qb2 64. Kg3 Ne2+ 65. Kh2 Nf4 66. Qf3 Bxf2 67. Kh1 Qc1+ 68. Kh2 Qg1# 0-1

[Event "2024 British Rapidplay Championship"]
[Site "Holiday Inn Peterborough - West"]
[Date "2024.03.02"]
[Round "1.77"]
[White "Pang, Ethan"]
[Black "Sudagar, Vidhyuth Kavin"]
[Result "1-0"]
[WhiteFideId "496995"]
[BlackFideId "343430244"]
[WhiteElo "1887"]
[BlackElo "1542"]
[EventDate "2024.03.02"]

1. e4 c6 2. d4 d5 3. e5 Bf5 4. h4 h5 5. Bg5 Nd7 6. Bd3 Bxd3 7. Qxd3 Qb6 8. e6 Ndf6
9. exf7+ Kxf7 10. Nd2 Qb5 11. Qe3 Nh6 12. Ngf3 Nhg4 13. Qf4 Qxb2 14. O-O Qxc2 15.
Rfc1 Qh7 16. Bxf6 Qh6 17. Bg5+ Ke8 18. Bxh6 Rxh6 19. Ne5 Rf6 20. Qg5 Nxe5 21. dxe5
Re6 22. Qxh5+ g6 23. Qg4 Kd7 24. Nf3 Bh6 25. Rcb1 Rb8 26. Nd4 Ke8 27. Qxe6 Bg7 28.
Nxc6 Bxe5 29. Qxe7# 1-0

[Event "2024 British Rapidplay Championship"]
[Site "Holiday Inn Peterborough - West"]
[Date "2024.03.02"]
[Round "1.78"]
[White "Zeynalli, Nial"]
[Black "Hanache, Kai"]
[Result "1/2-1/2"]
[WhiteFideId "343404332"]
[BlackFideId "490105"]
[WhiteElo "1527"]
[BlackElo "1886"]
[EventDate "2024.03.02"]

1. Nf3 Nf6 2. g3 g6 3. Bg2 Bg7 4. O-O O-O 5. d3 c5 6. Nbd2 Nc6 7. c3 e5 8. e4 b5
9. a4 b4 10. Nb3 bxc3 11. bxc3 Rb8 12. Ba3 d6 13. Rb1 Bd7 14. Nbd2 Qa5 15. Qc2 Ne7
16. Rxb8 Rxb8 17. Ra1 Bxa4 18. Qc1 Bd7 19. Bb4 Qb5 20. Ba5 Qxd3 21. Bf1 Qxf3 22.
Nxf3 Nxe4 23. Bd3 1/2-1/2

[Event "2024 British Rapidplay Championship"]
[Site "Holiday Inn Peterborough - West"]
[Date "2024.03.02"]
[Round "1.79"]
[White "Herring, Sam AC"]
[Black "Bevis, Noah"]
[Result "1-0"]
[WhiteFideId "429767"]
[BlackFideId "343434630"]
[WhiteElo "1895"]
[BlackElo "1454"]
[EventDate "2024.03.02"]

1. Nf3 d5 2. g3 Nf6 3. Bg2 g6 4. O-O Bg7 5. d4 O-O 6. c4 c6 7. b3 Bd7 8. Nc3 Na6
9. Bb2 Rc8 10. Rc1 Bf5 11. Re1 Ne4 12. Nh4 Nxc3 13. Bxc3 Be6 14. Qd3 c5 15. cxd5
Bxd5 16. e4 Bc6 17. d5 Bd7 18. Nf3 Nb4 19. Qd2 Bxc3 20. Rxc3 e6 21. a3 Na6 22. d6
Bc6 23. e5 Kg7 24. h4 h5 25. Ng5 Bxg2 26. Kxg2 Qd7 27. Kh2 Rce8 28. Ne4 f5 29. exf6+
Rxf6 30. Nxf6 Kxf6 31. Rf3+ Kg7 32. Qc3+ Kh6 33. Qe3+ Kg7 34. Qe5+ Kh6 35. Rf6 Qg7
36. Qf4+ Kh7 1-0

[Event "2024 British Rapidplay Championship"]
[Site "Holiday Inn Peterborough - West"]
[Date "2024.03.02"]
[Round "1.80"]
[White "Borgars, Alan"]
[Black "Tart, Peter K"]
[Result "0-1"]
[WhiteFideId "343433880"]
[BlackFideId "471070"]
[WhiteElo "1522"]
[BlackElo "1987"]
[EventDate "2024.03.02"]

1. d4 f5 2. e4 fxe4 3. Nc3 Nf6 4. Bc4 c6 5. d5 b5 6. Bb3 b4 7. Nce2 Bb7 8. Qd4 a5
9. Ng3 cxd5 10. Bg5 Nc6 11. Qd2 e6 12. O-O-O Be7 13. c3 a4 14. Bc2 bxc3 15. Qxc3
Bb4 16. Qe3 O-O 17. f3 d4 18. Qxe4 Nxe4 19. Bxd8 Nxg3 20. hxg3 Rfxd8 21. Bxh7+ Kf7
22. Be4 d5 23. Bd3 Ne5 24. Bb5 Rdc8+ 25. Kb1 Ra5 26. Be2 Rac5 27. Nh3 a3 28. Rxd4
Nc4 29. Ng5+ Ke7 30. bxa3 Bxa3 31. Kc2 Ne5+ 32. Kb3 Rc3+ 33. Ka4 Bc6+ 34. Ka5 Ra8+
35. Ba6 Nc4+ 36. Rxc4 Rxc4 37. Kb6 Rb4+ 0-1

[Event "2024 British Rapidplay Championship"]
[Site "Holiday Inn Peterborough - West"]
[Date "2024.03.02"]
[Round "1.81"]
[White "Young, Daniel J"]
[Black "Ebbutt, Samuel"]
[Result "1-0"]
[WhiteFideId "425184"]
[BlackFideId "343421644"]
[WhiteElo "1921"]
[BlackElo "1521"]
[EventDate "2024.03.02"]

1. e4 c6 2. d4 d6 3. Nc3 g6 4. Be3 Bg7 5. Qd2 Nd7 6. f4 e5 7. Nf3 Qe7 8. Bd3 Ngf6
9. O-O-O Ng4 10. Bg1 exf4 11. Kb1 Bh6 12. Re1 O-O 13. h3 Ne3 14. g3 b5 15. gxf4 Nc4
16. Bxc4 bxc4 17. Be3 Nb6 18. h4 Rb8 19. h5 Bg7 20. hxg6 fxg6 21. Qh2 Bf6 22. e5
Bh8 23. exd6 Qxd6 24. Qxh7# 1-0

[Event "2024 British Rapidplay Championship"]
[Site "Holiday Inn Peterborough - West"]
[Date "2024.03.02"]
[Round "1.83"]
[White "Ortiz Sanchez, Luis"]
[Black "McClennon, David"]
[Result "1-0"]
[WhiteFideId "24581160"]
[BlackFideId "456152"]
[WhiteElo "1909"]
[BlackElo "1512"]
[EventDate "2024.03.02"]

1. e4 c5 2. Nc3 g6 3. f4 e6 4. Nf3 Bg7 5. a4 Ne7 6. Bc4 d5 7. Bb5+ Bd7 8. e5 Nbc6
9. d4 cxd4 10. Nxd4 a6 11. Be2 Nxd4 12. Qxd4 Nc6 13. Qf2 O-O 14. Be3 f6 15. Bc5 Rf7
16. exf6 Qxf6 17. O-O Ne7 18. Bd3 Rc8 19. Rae1 b5 20. axb5 Bxb5 21. Nxb5 axb5 22.
c3 Bf8 23. Bd4 e5 24. fxe5 Qe6 25. Qxf7+ Qxf7 26. Rxf7 Kxf7 27. e6+ Ke8 28. Bxb5+
Kd8 29. Bb6+ 1-0

[Event "2024 British Rapidplay Championship"]
[Site "Holiday Inn Peterborough - West"]
[Date "2024.03.02"]
[Round "1.84"]
[White "Kulibaev, Richard"]
[Black "Vashisht-Pigem, Raman"]
[Result "0-1"]
[WhiteFideId "343406050"]
[BlackFideId "469734"]
[WhiteElo "1503"]
[BlackElo "1990"]
[EventDate "2024.03.02"]

1. e4 e6 2. Nf3 d5 3. e5 c5 4. c3 Bd7 5. d4 Qb6 6. Be2 Bb5 7. O-O Bxe2 8. Qxe2 cxd4
9. cxd4 Nc6 10. Rd1 Nge7 11. Nc3 Nf5 12. Be3 Be7 13. Rab1 O-O 14. h3 Rac8 15. a3
Na5 16. Qd3 Rfd8 17. Na4 Qc6 18. Nc3 Nc4 19. Rdc1 Ncxe3 20. fxe3 Qc4 21. Qxc4 Rxc4
22. Re1 b6 23. Nd2 Rc6 24. Nb5 Rc2 25. Nb3 Nh4 26. Nxa7 Rxg2+ 27. Kh1 Rc2 28. Nb5
Nf3 0-1

[Event "2024 British Rapidplay Championship"]
[Site "Holiday Inn Peterborough - West"]
[Date "2024.03.02"]
[Round "1.85"]
[White "Harvey, Alan"]
[Black "Butler, Rene"]
[Result "1-0"]
[WhiteFideId "445886"]
[BlackFideId "486922"]
[WhiteElo "1996"]
[BlackElo "1497"]
[EventDate "2024.03.02"]

1. d4 d5 2. Nf3 Nf6 3. e3 c5 4. Bd3 Nc6 5. O-O cxd4 6. exd4 Bg4 7. c3 e6 8. Re1 Be7
9. h3 Bxf3 10. Qxf3 O-O 11. Nd2 Qc7 12. Nf1 Rfe8 13. Bd2 a6 14. Rac1 Na5 15. b3 Ba3
16. Rb1 Bd6 17. Rec1 Nc6 18. Bg5 Qe7 19. Ne3 h6 20. Bh4 g5 21. Bg3 Bxg3 22. fxg3
Kg7 23. Rf1 Rg8 24. Rbe1 Raf8 25. Nf5+ exf5 26. Rxe7 Nxe7 27. Bxf5 Ne8 28. Qe3 Nxf5
29. Rxf5 Kg6 30. Rxd5 Nf6 31. Rd6 Re8 32. Qd3+ Kg7 33. Qf3 Ne4 34. Rd7 Rgf8 35. Rxb7
Nd2 36. Qf2 Ne4 37. Qc2 Nxg3 38. d5 Ne2+ 39. Kh2 Nf4 40. Qd2 Re2 41. Qd4+ Kg8 42.
Qf6 Nxg2 43. Qxh6 Nh4+ 44. Kg1 Rg2+ 45. Kf1 Rg3 46. d6 Rf3+ 47. Kg1 Rg3+ 48. Kh2
Nf5 49. Qh5 Kg7 50. Qe2 Re3 51. Qf2 Nxd6 52. Qxe3 Nxb7 53. Qxg5+ Kh7 54. Qe7 Rb8
55. Qc7 1-0

[Event "2024 British Rapidplay Championship"]
[Site "Holiday Inn Peterborough - West"]
[Date "2024.03.02"]
[Round "1.86"]
[White "Casti, Cristina"]
[Black "Nicholas, Koichi B"]
[Result "0-1"]
[WhiteFideId "2819045"]
[BlackFideId "409820"]
[WhiteElo "1495"]
[BlackElo "1987"]
[EventDate "2024.03.02"]

1. e4 e5 2. d4 exd4 3. c3 dxc3 4. Bc4 cxb2 5. Bxb2 Nf6 6. e5 Bb4+ 7. Nc3 d5 8. exf6
dxc4 9. Qxd8+ Kxd8 10. O-O-O+ Bd7 11. fxg7 Rg8 12. Nd5 c3 13. Nxb4 cxb2+ 14. Kxb2
Rxg7 15. g3 a5 16. Nd5 c6 17. Nf6 Rg6 18. Nxh7 Ke7 19. h4 f6 20. Ne2 Rg7 21. Nxf6
Kxf6 22. Nf4 Bg4 23. Rd8 Rd7 24. Rxd7 Nxd7 25. Re1 Ne5 26. Kc3 Rd8 27. Re3 b5 28.
a3 Nc4 29. Rd3 Rxd3+ 30. Nxd3 Nxa3 31. Ne1 b4+ 32. Kb2 a4 33. f3 Nc4+ 34. Ka1 Bf5
35. g4 Bh7 36. f4 Be4 37. h5 b3 38. g5+ Kg7 39. h6+ Kh7 40. g6+ Kxh6 41. g7 b2+ 0-1

[Event "2024 British Rapidplay Championship"]
[Site "Holiday Inn Peterborough - West"]
[Date "2024.03.02"]
[Round "1.87"]
[White "Sagues, Vincent"]
[Black "Arun, Saiarya"]
[Result "1-0"]
[WhiteFideId "625680"]
[BlackFideId "343412548"]
[WhiteElo "1891"]
[BlackElo "1485"]
[EventDate "2024.03.02"]

1. e4 e6 2. d4 d5 3. Nd2 dxe4 4. Nxe4 Nd7 5. Nf3 Ngf6 6. Nxf6+ Nxf6 7. Bd3 c5 8.
dxc5 Bxc5 9. Qe2 O-O 10. Bg5 Be7 11. O-O Nd5 12. Bd2 Bd7 13. Ne5 Bf6 14. Nxd7 Qxd7
15. c4 Nb6 16. Rad1 Rfd8 17. Bc3 Qe7 18. Bxf6 Qxf6 19. b3 Nd7 20. Be4 Nc5 21. Bxh7+
Kxh7 22. Qh5+ Kg8 23. Qxc5 Rxd1 24. Rxd1 Rd8 25. Rxd8+ Qxd8 26. g3 b6 27. Qe3 Qe7
28. Qd2 f5 29. h4 Qf6 30. Kh2 e5 31. b4 f4 32. c5 bxc5 33. bxc5 fxg3+ 34. fxg3 Qc6
35. Qd6 Qe4 36. Qe6+ Kh7 37. c6 Qe2+ 38. Kh3 Qf1+ 39. Kg4 Qe2+ 40. Kf5 Qh5+ 41. Ke4
Qe2+ 42. Kd5 Qb5+ 43. Kd6 Qb4+ 44. Kd7 Qd4+ 45. Kc8 Qc5 46. c7 Qb4 47. Qxe5 Qf8+
48. Kb7 Qb4+ 49. Ka8 Qf8+ 50. Kb7 Qb4+ 51. Kc6 Qc4+ 52. Kd6 Qb4+ 53. Kd7 Qg4+ 54.
Qe6 Qd4+ 55. Qd6 Qg4+ 56. Kd8 Qc4 57. c8=Q Qg8+ 58. Kc7 Qf7+ 59. Qcd7 Qc4+ 60. Q6c6
1-0

[Event "2024 British Rapidplay Championship"]
[Site "Holiday Inn Peterborough - West"]
[Date "2024.03.02"]
[Round "1.88"]
[White "Ou, Siyao"]
[Black "Fava, Lorenzo"]
[Result "0-1"]
[WhiteFideId "343405649"]
[BlackFideId "2837434"]
[WhiteElo "1480"]
[BlackElo "1913"]
[EventDate "2024.03.02"]

1. e4 Nf6 2. Nc3 d5 3. Qf3 d4 4. Nd5 Nxd5 5. exd5 g6 6. Bc4 Bg7 7. d3 O-O 8. Ne2
Nd7 9. O-O Ne5 10. Qf4 Nxc4 11. dxc4 e5 12. Qd2 c6 13. dxc6 bxc6 14. c3 c5 15. b4
dxc3 16. Qxd8 Rxd8 17. bxc5 Be6 18. Nxc3 e4 19. Bb2 Rab8 20. Rab1 Rxb2 21. Rxb2 Bxc3
22. Rc2 Bd4 23. c6 Rc8 24. Rd1 Bc5 25. Re2 Bg4 26. Red2 Bxd1 27. Rxd1 Rxc6 28. h3
Rb6 29. Rd5 Rb1+ 30. Kh2 Bxf2 31. Re5 e3 32. c5 Rc1 33. a4 Rxc5 34. Rxc5 e2 35. Rc1
e1=Q 36. Rxe1 Bxe1 37. Kg1 Kf8 38. Kf1 Bc3 39. Ke2 Ke7 40. Kd3 Be5 41. Kc4 Kf6 42.
Kd5 Kf5 43. a5 Bc3 44. a6 Kf4 45. Kc6 Kg3 46. Kb7 Kxg2 47. Kxa7 Kxh3 48. Kb7 Bd4
49. Kc6 f5 50. Kd5 Ba7 51. Ke6 Kg4 52. Kf6 g5 53. Kg7 h5 54. Kg6 f4 55. Kf6 f3 56.
Kg6 f2 57. Kf6 f1=B 58. Ke5 Bxa6 59. Ke4 h4 60. Kd5 h3 61. Kc6 h2 62. Kd6 h1=N 63.
Ke5 Kf3 64. Kf5 g4 65. Kg5 g3 66. Kf5 g2 67. Ke5 g1=N 68. Kd5 Be3 69. Ke5 Bd3 70.
Kd5 Kf4 71. Ke6 Be4 72. Kd6 Bd4 73. Ke6 Be5 74. Kd7 Bd5 75. Ke7 Kf5 76. Kd7 Bf4 77.
Ke7 Be6 78. Kd8 Bd6 79. Ke8 Kf6 80. Kd8 Be5 81. Ke8 Bc7 82. Kf8 Bd7 83. Kg8 Kg6 84.
Kf8 Bd6+ 85. Kg8 Be6+ 86. Kh8 Bg8 87. Kxg8 Nf2 88. Kh8 Nf3 89. Kg8 Ng4 90. Kh8 Ng5
91. Kg8 Nh6+ 92. Kh8 Ngf7# 0-1

[Event "2024 British Rapidplay Championship"]
[Site "Holiday Inn Peterborough - West"]
[Date "2024.03.02"]
[Round "1.89"]
[White "McCarthy, Kevin C"]
[Black "Sriram, Gautam"]
[Result "1-0"]
[WhiteFideId "470775"]
[BlackFideId "498491"]
[WhiteElo "1974"]
[BlackElo "1480"]
[EventDate "2024.03.02"]

1. d4 Nf6 2. Nc3 e6 3. Bf4 a6 4. e3 d5 5. Nf3 Nbd7 6. Bd3 Be7 7. h3 b6 8. O-O Bb7
9. Re1 O-O 10. Rc1 c5 11. Ne5 Nxe5 12. Bxe5 Nd7 13. Bg3 c4 14. Be2 b5 15. a3 Nf6
16. Bf3 Bd6 17. Bh4 Rc8 18. e4 dxe4 19. Nxe4 Bxe4 20. Bxe4 Be7 21. Bf3 Qd7 22. c3
Nd5 23. Bxe7 Nxe7 24. Qd2 Nd5 25. Re2 Rfe8 26. Rce1 Nf6 27. Qf4 Qe7 28. d5 Qd7 29.
dxe6 Rxe6 30. Rxe6 fxe6 31. Rd1 Qe7 32. Qd6 Qxd6 33. Rxd6 Kf7 34. Rxa6 Rc5 35. Ra7+
Kg6 36. Ra6 Kf7 37. Rb6 Nd5 38. Rb7+ Kf6 39. Rd7 h6 40. g3 Kg6 41. Rd6 Kf6 42. Bg4
Nc7 43. f4 Ke7 44. Rb6 e5 45. Kf2 exf4 46. gxf4 Nd5 47. Rb7+ Kf6 48. Kf3 Kg6 49.
Be6 Nf6 50. Rb6 Rh5 51. Bc8 Rc5 52. Ba6 Rd5 53. Bxb5 Rd3+ 54. Ke2 Rxh3 55. Bxc4 Rh2+
56. Kf3 h5 57. a4 Rh1 58. a5 Ra1 59. a6 h4 60. Kg2 Kf5 61. Be2 Kg6 62. Bf3 Kf5 63.
Bb7 Kxf4 64. Rb4+ Ke3 65. Rxh4 g5 66. Rd4 g4 67. Rd6 Ne4 68. Re6 Kf4 69. Rxe4+ Kf5
70. Rd4 Ke5 71. Rxg4 Kd6 72. Rg7 Kc5 73. Bc8 Kb6 74. Kf2 Ra2 75. Ke3 Kc6 76. a7 Kb6
77. Kd3 Rxa7 78. Rxa7 Kxa7 79. Bh3 Kb7 80. Kc4 Kc6 81. b3 Kb6 82. Kd5 Kc7 83. c4
Kb8 84. c5 Kc7 85. b4 Kb8 86. Kd6 Kb7 87. c6+ Kb8 88. c7+ Kb7 89. c8=Q+ 1-0

[Event "2024 British Rapidplay Championship"]
[Site "Holiday Inn Peterborough - West"]
[Date "2024.03.02"]
[Round "1.90"]
[White "Bennet, Freddie"]
[Black "Mokhber-Garcia, Sebastian"]
[Result "0-1"]
[WhiteFideId "343437133"]
[BlackFideId "499269"]
[WhiteElo "1460"]
[BlackElo "1909"]
[EventDate "2024.03.02"]

1. e4 e5 2. Nf3 Nc6 3. Bb5 Nf6 4. O-O Nxe4 5. d4 Nd6 6. Bxc6 dxc6 7. Re1 e4 8. Nc3
f5 9. Bg5 Be7 10. Bxe7 Qxe7 11. Ne5 O-O 12. Ne2 Be6 13. Qd2 Nc4 14. Nxc4 Bxc4 15.
b3 Bxe2 16. Rxe2 Rad8 17. Qe3 Qf6 18. c3 Rfe8 19. Qf4 Re7 20. Rae1 g5 21. Qd2 c5
22. d5 c6 23. c4 cxd5 24. cxd5 Red7 25. Rd1 Rxd5 26. Qxd5+ Rxd5 0-1

[Event "2024 British Rapidplay Championship"]
[Site "Holiday Inn Peterborough - West"]
[Date "2024.03.02"]
[Round "1.91"]
[White "Leung, Hao Ran"]
[Black "Mehta, Hatle"]
[Result "1-0"]
[WhiteFideId "6012620"]
[BlackFideId "488003"]
[WhiteElo "1865"]
[BlackElo "1447"]
[EventDate "2024.03.02"]

1. c4 d6 2. g3 Nf6 3. Bg2 g6 4. Nc3 Bg7 5. Nf3 O-O 6. O-O Bg4 7. h3 Be6 8. b3 Nc6
9. e4 Nxe4 10. Bb2 Nxc3 11. Bxc3 Bxc3 12. dxc3 Bf5 13. Re1 e5 14. b4 a6 15. a4 Re8
16. Nd2 Qd7 17. Kh2 Rad8 18. g4 Be6 19. Ne4 Qe7 20. g5 Kh8 21. Nf6 Rf8 22. Bd5 h6
23. h4 Bxd5 24. cxd5 Nb8 25. f4 Nd7 26. Nxd7 Qxd7 27. fxe5 h5 28. Qf3 dxe5 29. Qf6+
Kg8 30. Rxe5 Qd6 31. Qxd6 Rxd6 32. Rae1 c6 33. dxc6 Rxc6 34. R1e3 Rfc8 35. Re8+ Rxe8
36. Rxe8+ Kg7 37. Re3 b5 38. axb5 axb5 39. Kg2 Re6 40. Rxe6 fxe6 41. Kf3 Kf7 42.
Ke4 Ke7 43. Ke5 Kf7 44. Kd6 Kg7 45. Kxe6 Kh7 46. Kf7 Kh8 47. Kxg6 Kg8 48. Kxh5 1-0

[Event "2024 British Rapidplay Championship"]
[Site "Holiday Inn Peterborough - West"]
[Date "2024.03.02"]
[Round "1.92"]
[White "Gunarathne, Miheli"]
[Black "Vaidyanathan, Adithya"]
[Result "0-1"]
[WhiteFideId "343409504"]
[BlackFideId "495450"]
[WhiteElo "1441"]
[BlackElo "1805"]
[EventDate "2024.03.02"]

1. e4 c5 2. Nf3 Nc6 3. d4 cxd4 4. Nxd4 g6 5. Nc3 Bg7 6. Nxc6 bxc6 7. Bd2 Nf6 8. Bd3
d5 9. O-O O-O 10. Re1 Nxe4 11. Nxe4 dxe4 12. Bxe4 Rb8 13. Rb1 Qc7 14. Qf3 c5 15.
Bc6 Rb6 16. Ba5 Qxc6 17. Bxb6 Qxf3 18. gxf3 axb6 19. Rxe7 Bf5 20. Rc1 Bxb2 21. Rb1
Bf6 22. Re2 Bd8 23. Rd2 Be6 24. Rbd1 Bc7 25. a3 Ra8 26. Ra1 Be5 27. Rb1 Bc7 28. Ra1
b5 29. Rdd1 Be5 30. Rab1 Bc4 31. Re1 Bf4 32. Re4 g5 33. h4 h6 34. Ra1 Bd5 35. Re7
Bxf3 36. hxg5 hxg5 37. Rb1 Kg7 38. Rxb5 Rh8 0-1

[Event "2024 British Rapidplay Championship"]
[Site "Holiday Inn Peterborough - West"]
[Date "2024.03.02"]
[Round "1.93"]
[White "Pink, Joshua"]
[Black "Ou, Siyuan"]
[Result "1-0"]
[WhiteFideId "424790"]
[BlackFideId "343405657"]
[WhiteElo "1891"]
[BlackElo "1434"]
[EventDate "2024.03.02"]

1. Nc3 e6 2. g3 d5 3. Bg2 c5 4. e3 Nc6 5. Nge2 Nf6 6. d4 cxd4 7. exd4 a6 8. Bf4 b5
9. O-O Bb7 10. Re1 Ne7 11. Bg5 Ng6 12. h4 h6 13. h5 hxg5 14. hxg6 Rh6 15. gxf7+ Kxf7
16. Qd2 Ng4 17. f3 Nh2 18. f4 gxf4 19. Qxf4+ Kg8 20. Qe3 Bd6 21. Nf4 Ng4 22. Nxe6
Nxe3 23. Nxd8 Nxg2 24. Nxb7 Nxe1 25. Nxd6 Rxd6 26. Rxe1 Rf8 27. Re5 Rfd8 28. a3 Kf7
29. Kf2 Re8 30. Rf5+ Kg6 31. g4 Red8 32. Ke3 Re8+ 33. Kf4 Red8 34. Ke5 R8d7 35. Kf4
Rf6 36. Ke5 Rxf5+ 37. gxf5+ Kf7 38. Nxd5 Rd8 39. c3 Rd7 40. Nf4 Re7+ 41. Ne6 g6 42.
d5 gxf5 43. Kxf5 Ke8 44. d6 Rd7 45. Ke5 Ra7 46. Nc5 Kd8 47. Ke6 Kc8 48. Kd5 Kd8 49.
Kc6 Ra8 50. d7 Ke7 51. Nb7 Rb8 52. d8=Q+ Rxd8 53. Nxd8 Kxd8 54. Kb6 Kd7 55. Kxa6
Kc6 56. b4 Kd5 57. Kxb5 Kd6 58. Kb6 Kd5 59. a4 Kd6 60. a5 Kd7 61. Kb7 Kd6 62. a6
Ke7 63. a7 Kd7 64. a8=Q Kd6 65. Qa5 Ke6 66. Qc5 Kf6 67. Qd5 Ke7 68. Qc6 Kf7 69. Qd6
Ke8 70. Qc7 Kf8 71. Kc6 Ke8 72. Kd6 Kf8 73. Qh7 Ke8 74. Qe7# 1-0

[Event "2024 British Rapidplay Championship"]
[Site "Holiday Inn Peterborough - West"]
[Date "2024.03.02"]
[Round "1.94"]
[White "Suganya, Yugan"]
[Black "Keohane, Benedict A"]
[Result "0-1"]
[WhiteFideId "343442676"]
[BlackFideId "433950"]
[WhiteElo "1400"]
[BlackElo "1855"]
[EventDate "2024.03.02"]

1. e4 Nf6 2. Nc3 e6 3. d4 d5 4. exd5 exd5 5. Nf3 Bd6 6. Bd3 Bg4 7. O-O O-O 8. Bg5
c6 9. h3 Bh5 10. g4 Bg6 11. Nh4 h6 12. Nxg6 fxg6 13. Bh4 g5 14. Bg3 Bxg3 15. fxg3
Qb6 16. Rb1 Qxd4+ 17. Kh2 Qe3 18. Ne2 Nbd7 19. c4 Ne5 20. Bf5 Nf3+ 21. Kh1 Nd2 0-1

[Event "2024 British Rapidplay Championship"]
[Site "Holiday Inn Peterborough - West"]
[Date "2024.03.02"]
[Round "1.95"]
[White "Middleton, Tom"]
[Black "Ashcroft, Ben"]
[Result "1-0"]
[WhiteFideId "402834"]
[BlackFideId "343440916"]
[WhiteElo "1947"]
[BlackElo "1376"]
[EventDate "2024.03.02"]

1. e4 e5 2. Nc3 Nf6 3. f4 Nc6 4. Nf3 d6 5. Bb5 exf4 6. d4 a6 7. Bxc6+ bxc6 8. Bxf4
Bg4 9. h3 Bh5 10. O-O Be7 11. Qd2 O-O 12. Rae1 Re8 13. e5 Bxf3 14. exf6 Bxg2 15.
fxe7 Rxe7 16. Qxg2 Rxe1 17. Rxe1 Qd7 18. Qg4 Qd8 19. Bg5 Qb8 20. Qd7 c5 21. dxc5
h6 22. Bc1 dxc5 23. Nd5 c6 24. Nc7 Qb7 25. Re7 Rf8 26. Qd6 Qb6 27. Nd5 Qb5 28. Nc3
Qc4 29. Re4 1-0

[Event "2024 British Rapidplay Championship"]
[Site "Holiday Inn Peterborough - West"]
[Date "2024.03.02"]
[Round "1.96"]
[White "Halpin, David"]
[Black "Killeen, Robert T"]
[Result "0-1"]
[WhiteFideId "343403484"]
[BlackFideId "343444466"]
[WhiteElo "1371"]
[BlackElo "1945"]
[EventDate "2024.03.02"]

1. e4 e5 2. Nf3 Nc6 3. Bb5 a6 4. Ba4 Nf6 5. Nc3 b5 6. Bb3 d6 7. O-O Na5 8. d3 c5
9. Bd5 Bb7 10. Bxb7 Nxb7 11. Bg5 Be7 12. Bxf6 Bxf6 13. Ne2 Qc7 14. b3 Rd8 15. c4
b4 16. Re1 O-O 17. h3 g6 18. g4 Na5 19. g5 Bg7 20. Qd2 f5 21. gxf6 Rxf6 22. Nh2 Rdf8
23. f3 Nc6 24. Ng4 Rxf3 25. Nh6+ Bxh6 26. Qxh6 Qg7 27. Qxg7+ Kxg7 28. Kh2 Rxd3 29.
Kg2 Rff3 30. Rad1 Rxh3 31. Rxd3 Rxd3 32. Kf1 Nd4 33. Nxd4 exd4 34. Ke2 Re3+ 35. Kd2
Rxe1 36. Kxe1 h5 0-1

[Event "2024 British Rapidplay Championship"]
[Site "Holiday Inn Peterborough - West"]
[Date "2024.03.02"]
[Round "1.97"]
[White "Patel, Zain"]
[Black "Shankar, Yashwardhan"]
[Result "1-0"]
[WhiteFideId "469246"]
[BlackFideId "2411067"]
[WhiteElo "1828"]
[BlackElo "1254"]
[EventDate "2024.03.02"]

1. d4 Nf6 2. Nf3 d5 3. e3 e6 4. Bd3 Bd6 5. O-O O-O 6. b3 b6 7. Bb2 Bb7 8. Nbd2 Nbd7
9. Qe2 Ne4 10. c4 c5 11. Rad1 f5 12. Ne5 Nxd2 13. Rxd2 Qc7 14. cxd5 Bxd5 15. Nxd7
Qxd7 16. dxc5 bxc5 17. Rfd1 Qc7 18. h3 Rad8 19. Bc4 Bxc4 20. Qxc4 Rfe8 21. Be5 Bxe5
22. Rxd8 Bh2+ 23. Kh1 Rxd8 24. Qxe6+ Kh8 25. Rxd8+ Qxd8 26. Kxh2 Qf8 27. Qd7 Qb8+
28. g3 g6 29. Qe7 Qc8 30. Qxa7 Kg8 31. a4 Qc6 32. Qb8+ Kg7 33. Qf4 Qb6 34. Qc4 Qc6
35. a5 Qf3 36. Qf4 Qc6 37. Kg1 Qb5 38. Qc7+ Kg8 39. Qb6 Qd3 40. Qxc5 Qb1+ 41. Kh2
Qxb3 42. a6 Qa2 43. Qc8+ Kg7 44. Qb7+ 1-0

[Event "2024 British Rapidplay Championship"]
[Site "Holiday Inn Peterborough - West"]
[Date "2024.03.02"]
[Round "1.98"]
[White "Graeme, Matthew"]
[Black "Lees, Nicholas"]
[Result "0-1"]
[WhiteFideId "343442501"]
[BlackFideId "444073"]
[WhiteElo "1156"]
[BlackElo "1802"]
[EventDate "2024.03.02"]

1. e4 c5 2. Nf3 Nc6 3. d4 cxd4 4. Nxd4 d6 5. Nc3 Nf6 6. Bd3 Nxd4 7. O-O Nc6 8. b3
g6 9. Bb2 Bg7 10. Nd5 Ne5 11. Bb5+ Bd7 12. Qe2 Nxd5 13. exd5 Nf3+ 14. Qxf3 Bxb2 15.
Bxd7+ Qxd7 16. Rae1 Bg7 17. c4 O-O 18. Re2 Rfe8 19. h4 h5 20. Re4 e6 21. dxe6 Rxe6
22. g4 Rxe4 23. Qxe4 Qxg4+ 24. Qxg4 hxg4 25. Kh2 Be5+ 26. Kh1 a5 27. f3 gxf3 28.
Rxf3 Rc8 29. Kg2 a4 30. Kh3 Kg7 31. Kg4 f5+ 32. Kh3 axb3 33. Rxb3 Rxc4 34. Rxb7+
Kf6 35. Rb1 Rc3+ 36. Kg2 Rc2+ 37. Kf1 Rxa2 38. Re1 Rh2 39. Re2 Rxh4 40. Kg1 f4 41.
Rh2 Rxh2 42. Kxh2 f3+ 43. Kg1 Kf5 44. Kf2 Kf4 45. Kf1 Kg3 46. Kg1 f2+ 47. Kf1 Ba1
0-1

[Event "2024 British Rapidplay Championship"]
[Site "Holiday Inn Peterborough - West"]
[Date "2024.03.02"]
[Round "1.99"]
[White "Brocklehurst, Andrew"]
[Black "Mehta, Zara"]
[Result "1-0"]
[WhiteFideId "424765"]
[BlackFideId "343401236"]
[WhiteElo "1896"]
[BlackElo "1125"]
[EventDate "2024.03.02"]

1. e4 e5 2. Nf3 Nc6 3. Bb5 Nf6 4. d3 d6 5. h3 Bd7 6. Be3 Be7 7. Nc3 O-O 8. Qe2 a6
9. Bc4 b5 10. Bd5 Rb8 11. a3 b4 12. axb4 Nxb4 13. Bb3 c5 14. O-O Qc7 15. Bg5 Rb7
16. Be3 Rfb8 17. Nh2 Bc6 18. f4 Qd7 19. fxe5 dxe5 20. Ng4 Qc7 21. Rf5 Qd6 22. Raf1
h5 23. Nxe5 Rb6 24. Nxf7 Qg3 25. R1f3 Qc7 26. Ng5+ Kh8 27. Nf7+ Kg8 28. Bf4 Qb7 29.
Bxb8 Qxb8 30. Rf2 a5 31. Rxh5 Nxh5 32. Qxh5 g6 33. Qxg6+ Kf8 34. Nd6+ Bf6 35. Rxf6+
Ke7 36. Qg7+ Kd8 37. Rf8+ Be8 38. Rxe8# 1-0